Trouve la logique puis fait les bons clics #3 - Statistiques

Statistiques générales
  • Ce quiz a été pris 107 fois
  • Le résultat moyen est 3 sur 10
Statistiques - réponses
Hint Réponse % Correct
H5 Bichkek
42%
2S Moscou
40%
2L Berlin
38%
Y7 Montevideo
35%
T8 Astana
33%
J4 Suva
33%
2R Freetown
32%
N1 Managua
26%
O3 Vientiane
26%
V6 Malé
20%
Aucun quiz correspondant
Distribution des résultats
% des personnes avec chaque résultat
Percentile par nombre de réponses
Votre historique - résultats
Vous n’avez pas pris ce quiz